| 000 | 00717nam a2200253 a 4500 | ||
|---|---|---|---|
| 999 |
_c606 _d606 |
||
| 008 | 190924b ||||| |||| 001 0 eng d | ||
| 020 |
_a9788131761649 _cRs.625.00 |
||
| 040 |
_aKO _beng |
||
| 041 | 0 | _aeng | |
| 044 | _aii | ||
| 082 | 0 | 4 |
_223 _a658.403 _bR2926 |
| 100 | 1 | _aRender, Barry | |
| 245 | 0 | 0 |
_aQuantitative Analysis for Management / _cBarry Render [et al.] |
| 250 | _a11th ed. | ||
| 260 |
_aNoida : _bPearson India Education Ltd., _c2012, reprinted 2015 |
||
| 300 |
_axxii, 665 p. : _bill. ; _c28 cm. |
||
| 650 | 0 |
_aManagement science _vTextbooks |
|
| 700 | 1 |
_aStair, Ralph M. _eaut |
|
| 700 | 1 |
_aHanna, Michael E. _eaut |
|
| 700 | 1 |
_aBadri, T. N. _eaut |
|
| 904 | _aA_BOSE | ||
| 942 | _cBK | ||